| 000 | 00358cam a2200145ua 4500 | ||
|---|---|---|---|
| 041 |
_aeng _h |
||
| 082 |
_a822 _bWIL/IM |
||
| 100 | _aWilde, Oscar . | ||
| 245 |
_aImportance of being earnest / _cOscar Wilde. _hTextual Documents |
||
| 260 |
_aLondon : _bMethuen and Co. Ltd , _c1966. |
||
| 300 | _a73 ; . | ||
| 504 | _a | ||
| 942 | _cBK | ||
| 999 |
_c4443 _d4443 |
||